Statistics for NHL All-Star Team of the season

Click here to take the quiz!

General Stats

  • This quiz has been taken 99 times
    (90 since last reset)
  • The average score is 37 of 75

Answer Stats

Answer % Correct
Sidney Crosby
97%
Alexander Ovechkin
92%
Mario Lemieux
87%
Evgeni Malkin
85%
Martin Brodeur
82%
Connor McDavid
77%
Jaromir Jagr
77%
Erik Karlsson
74%
Brent Burns
74%
Patrick Roy
69%
Teemu Selanne
69%
Carey Price
69%
Dominik Hasek
69%
Patrick Kane
69%
Pekka Rinne
67%
Tuukka Rask
67%
Nicklas Lidström
67%
Joe Sakic
67%
Joe Thornton
64%
Nikita Kucherov
64%
Peter Forsberg
64%
Drew Doughty
62%
Braden Holtby
62%
Steve Yzerman
59%
P.K. Subban
59%
Henrik Lundqvist
59%
Ray Bourque
59%
Martin St. Louis
56%
Duncan Keith
56%
Sergei Bobrovsky
56%
Shea Weber
56%
Daniel Sedin
54%
Henrik Sedin
54%
Tim Thomas
54%
Victor Hedman
51%
Zdeno Chara
51%
Sergei Fedorov
49%
John Tavares
49%
Jamie Benn
49%
Brad Marchand
46%
Paul Coffey
46%
Jarome Iginla
46%
Eric Lindros
46%
Brian Leetch
44%
Chris Pronger
44%
Ed Belfour
44%
Taylor Hall
41%
Ilya Kovalchuk
41%
Paul Kariya
41%
Chris Chelios
41%
Corey Perry
41%
Miikka Kiprusoff
38%
Pavel Bure
38%
Scott Stevens
36%
Luc Robitaille
36%
Ryan Miller
36%
Al MacInnis
36%
Scott Niedermayer
33%
Dany Heatley
33%
Ryan Suter
31%
John LeClair
31%
Jim Carey
31%
Ölaf Kolzig
28%
James Neal
26%
Rob Blake
26%
Evgeni Nabokov
23%
Markus Naslund
23%
Mike Green
21%
Todd Bertuzzi
21%
Patrick Elias
21%
Sandis Ozolinsh
18%
Brendan Shanahan
18%
Jakub Voracek
15%
Dion Phaneuf
13%
Chris Kunitz
13%

Score Distribution

Percentile by Number Answered

Percent of People with Each Score

Your Score History

You have not taken this quiz since the last reset